000 01276nam a22003617a 4500
003 CHAP
005 20220329141055.0
008 971013s1996 r 00010 d
010 _a62198
011 _a63170
035 _a67346
040 _cCHAP
082 _a631.7001
_bP5 1996
100 0 0 _aPizarro Cabello, Fernando.
_988613
245 _aRiegos localizados de alta frecuencia (RLAF) goteo, microaspersión, exudación
250 _a3 ed. rev. y ampl.
260 _aMadrid :
_bMundi-Prensa,
_c1996
300 _a511 p.
_b: ilus. ; gráfs.
590 _aBATCH-UPD
_b10
_c20130110
_lUCH01
_h0456
590 _aBATCH-UPD
_b10
_c20130110
_lUCH01
_h2337
590 _aBATCH-UPD
_b10
_c20130410
_lUCH01
_h0134
590 _aBATCH-UPD
_b10
_c20130410
_lUCH01
_h1626
590 _aBATCH-UPD
_b10
_c20130914
_lUCH01
_h1916
590 _aCONVERSION
_b10
_c20130109
_lUCH01
_h1333
650 1 4 _aRiego localizado.
_997374
650 1 4 _aRiego por aspersión.
_997375
650 1 4 _aRiego por exudación.
_997379
650 1 4 _aRiego por goteo.
_997380
901 _aBK
942 _cLIBRO
949 _a631.7001 P5 1996
_bBC
_cLIBRO
_d33724000627097
_eLIBRO
_h90940
_i67346
_si
_t326.00
949 _a631.7001 P5 1996
_bBC
_cLIBRO
_d33724000736518
_eLIBRO
_fc.2
_gI. 199013
_h96185
_i67346
_so
_t$423.00
999 _c62198
_d62198